000
00401 a2200181 4500
250
_a
6ème éd.
245
_a
Abrégé de diététique et de nutrition
100
_a
Apfelbaum, M.
700
_a
Forrat, C.
700
_a
nillus, P
260
_c
1982
300
_a
XIII-472 P.
035
_a
3103
035
_a
9670
999
_c
17497
_d
17497